Entre dos dictaduras (Registro nro. 11755)

Detalles MARC
000 -ENCABEZADO
Número de control [NR] 00616nam a2200181Ia 4500
005 - FECHA Y HORA DE LA ÚLTIMA TRANSACCIÓN
control field 20210907074028.0
008 - DE LONGITUD FIJA DE DATOS DE ELEMENTOS - INFORMACIÓN GENERAL
Elementos de longitud fija [NR] 130821s1934 ck gr spa
040 ## - FUENTE DE CATALOGACION [NR]
Agencia de catalogación original [NR] Co-BoUCM
Idioma de catalogación [NR] spa
Quien Cataloga Sandra Yazo (modificó)
Quien Clasifica Sandra Yazo (modificó)
041 ## - CODIGO DE IDIOMA [R]
Código de idioma para texto/pista de sonido o título separado [R] Español
082 04 - NUMERO DE CLASIFICACION DECIMAL DEWEY [R]
Número de clasificación [R] 321.6
Número de la edición [NR] 20
100 ## - ASIENTO PRINCIPAL--NOMBRE PERSONAL [NR]
Nombre personal [NR] Forero Franco, Guillermo
ID Autoridad 105503
245 ## - MENCION DE TITULO [NR]
Título [NR] Entre dos dictaduras
Mención de responsabilidad, etc. [NR] Guillermo Forero Franco.
260 ## - PUBLICACION, DISTRIBUCION, ETC. (PIE DE IMPRENTA) [R]
Lugar de publicación, distribución, etc. [R] Bogotá (Colombia)
Nombre del editor, distribuidor, etc. [R] El Grafico
Fecha de publicación, distribución, etc. [R] 1934
300 ## - DESCRIPCION FISICA [R]
Extensión [R] 266 páginas
650 04 - ASIENTO SECUNDARIO DE MATERIA - TERMINO TEMATICO [R]
Término temático o nombre geográfico como elemento de entrada [NR] Ciencia política
9 (RLIN) 340
651 ## - ASIENTO SECUNDARIO DE MATERIA - NOMBRE GEOGRAFICO [R]
Nombre geográfico [NR] Perú
Subdivisión general [R] Historia política
9 (RLIN) 26683
942 ## - ELEMENTOS DE ENTRADA AGREGADOS (KOHA)
Tipo de ítem principal el descrito en 300a Libro
Tema principal 6
Edición 1
Parte restante de la signatura top. F67
Sistema de clasificación DEWEY
Clasificación 321.6
Título oculto en OPAC No
Existencias
Suprimido Perdido Sistema de clasificación Dañado No prestable Tipo de ítem específico Ubicación habitual Ubicación actual Localización Fecha de creación Forma de adquisición Costo Total préstamos Total Renewals Signatura topográfica Código de barras Última vez visto Fecha de último préstamo Ejemplar Price effective from Tipo de ítem Nota pública (OPAC)
    DEWEY     Libro Archivo Histórico Archivo Histórico Archivo histórico 28/02/2003 Donación 200.00 2 2 321.6 F67 100023592 18/12/2018 14/03/2015 Ej.1 03/02/2013 Libro TRANSFERENCIA CRAI C11